000 01271naa a22003377a 4500
001 BR7902893
003 BR-BrBNA
005 20240918174359.0
007 ta
008 230509b bl.||||| |||| 00| 0 por d
040 _aBR-BrBNA
_bpor
_cBiblioteca Nacional de Agricultura
041 _a(Pt)
072 _aF30
_b1940
_b0170
090 _aF30 BR7902893
100 1 _aBertholdi, R.E.
100 1 _aRaupp, A.A.A.
100 1 _aSilva Filho, A.E.P. da
100 1 _aSilveira Junior, P.
245 1 _aEnsaio nacional de sorgo forrageiro, sorgo x sudan e milheto - 1978/79 [comportamento de variedade, competicao de variedade, Sorghum spp, Pennisetum americanum, Rio Grande do Sul]
260 3 _aPelotas, RS (Brasil):
_c1979.
500 _aSorgo. Resultados de pesquisa Pelotas, RS (Brasil): 1979. p. 28-30 (BR7902893-AM)F30
650 _aSORGO FORRAGEIRO
650 _aSORGO
650 _aMILHETO
650 _aCOMPORTAMENTO DE VARIEDADE
650 _aCOMPETICAO DE VARIEDADE
650 _aRIO GRANDE DO SUL
773 0 _tSorgo. Resultados de pesquisa [Sorghum halepense; Sorgo acucareiro; Sorghum vulgare; Sorgo forrageiro; Brasil]
_w0170 BR8103064
_gPelotas, RS (Brasil), 1980.
_q93 p.
909 _a202404
_bLucia
_c55
_dLucia Elande
942 _cAM
_2AGRIS
999 _c310859
_d310859